| 000 | 00346nam a2200145Ia 4500 | ||
|---|---|---|---|
| 008 | 230917s9999||||xx |||||||||||||| ||und|| | ||
| 040 |
_e74226 _aMAIN |
||
| 041 | _aEnglish | ||
| 082 | _a658.4 F812M | ||
| 100 | _aFoster, Douglas | ||
| 245 | 4 | _aThe management quadrille | |
| 260 |
_aLondon _bPitman _c1980 |
||
| 300 | _aviii, 411 p. | ||
| 942 | _cBK | ||
| 999 |
_c35509 _d35509 |
||